Online
Catalog

Seguridad industrial : (Record no. 23399)

MARC details
000 -CABECERA
campo de control de longitud fija 00779nam a2200217 a 4500
001 - NÚMERO DE CONTROL
campo de control 000023903
005 - FECHA Y HORA DE LA ÚLTIMA TRANSACCIÓN
campo de control 20200930022545.0
008 - DATOS DE LONGITUD FIJA--INFORMACIÓN GENERAL
campo de control de longitud fija 110117s1970 mx a r 000 0 spa d
040 ## - FUENTE DE LA CATALOGACIÓN
Centro catalogador/agencia de origen DO-SdBNP
Lengua de catalogación spa
Centro/agencia transcriptor BNPHU
082 ## - NÚMERO DE LA CLASIFICACIÓN DECIMAL DEWEY
Número de clasificación xxxxx
Número de documento/Ítem C397s
049 ## - FONDOS LOCALES (OCLC)
Fondos de biblioteca BNGR
110 1# - ENTRADA PRINCIPAL--NOMBRE DE ENTIDAD CORPORATIVA
Nombre de entidad corporativa o nombre de jurisdicción como elemento de entrada Centro Regional de Ayuda Técnica
9 (RLIN) 49164
245 10 - MENCIÓN DE TÍTULO
Título Seguridad industrial :
Resto del título cuidado y buen orden de la fábrica, prevención y protección contra incendios y explosiones.
260 ## - PUBLICACIÓN, DISTRIBUCIÓN, ETC.
Lugar de publicación, distribución, etc. México, D. F. :
Nombre del editor, distribuidor, etc. Agencia para el Desarrollo Internacional (AID),
Fecha de publicación, distribución, etc. 1970.
300 ## - DESCRIPCIÓN FÍSICA
Extensión 126 p. :
Otras características físicas il. ;
Dimensiones 22.5 cm.
490 1# - MENCIÓN DE SERIE
Mención de serie Serie F
490 1# - MENCIÓN DE SERIE
Mención de serie Manual de adiestramiento ;
Designación de volumen o secuencia 78
500 ## - NOTA GENERAL
Nota general En la portada: Guía para el maestro.
830 #0 - PUNTO DE ACCESO ADICIONAL DE SERIE-TÍTULO UNIFORME
Título uniforme Serie F
9 (RLIN) 49165
830 #0 - PUNTO DE ACCESO ADICIONAL DE SERIE-TÍTULO UNIFORME
Título uniforme Manual de adiestramiento ;
Número de parte o sección de la obra 78
9 (RLIN) 49166
Holdings
Estado de retiro Estado de pérdida Restricciones de uso No para préstamo Código de colección Localización permanente Ubicación/localización actual Ubicación en estantería Fecha de adquisición Número de inventario Total de préstamos Signatura topográfica completa Código de barras Fecha visto por última vez Precio válido a partir de Tipo de ítem Koha
        Monografías: Libros y Folletos General General En catalogación 17.01.2011 LF1   xxxxx C397s 23903-10 25.06.2020 25.06.2020 Préstamo en sala

Powered by Koha